Vainqueurs sur le Tour de France - 2020s - Statistiques

Statistiques générales
  • Ce quiz a été pris 100 fois
    21 depuis la dernière actualisation
  • Le résultat moyen est 55 sur 64
Statistiques - réponses
Maillot Équipe Équipe Équipe Pays Coureur % Correct
UAE Team Emirates (1x 2023) Flag_of_the_United_Kingdom_%281-2%29.svg Adam Yates
100%
EF Education - EasyPost (1x 2025) Flag_of_Ireland.svg Ben Healy
100%
AG2R Citroën Team (1x 2021) Team Jayco AlUla (1x 2025) Flag_of_Australia.svg Ben O'Connor
100%
Intermarché - Wanty (3x 2024) Flag_of_Eritrea.svg Biniam Girmay
100%
Alpecin - Deceuninck (2x 2022, 4x 2023, 3x 2024, 1x 2025) Flag_of_Belgium_%28civil%29.svg Jasper Philipsen
100%
Jumbo-Visma (2x + GC 2022, 1x + GC 2023) Team Visma | Lease a Bike (1x 2024) Drapeau_du_Danemark.png Jonas Vingegaard
100%
Arkéa - B&B Hotels (1x 2024) Flag_of_France.svg Kévin Vauquelin
100%
Trek - Segafredo (1x 2022) Lidl - Trek (1x 2023) Drapeau_du_Danemark.png Mads Pedersen
100%
Team Bahrain Victorious (2x 2021, 1x 2023) Flag_of_Slovenia.svg Matej Mohorič
100%
Alpecin - Fenix (1x 2021) Alpecin - Deceuninck (1x 2025) Flag_of_the_Netherlands.svg Mathieu van der Poel
100%
Soudal Quick-Step (1x 2024, 1x 2025) Flag_of_Belgium_%28civil%29.svg Remco Evenepoel
100%
Team dsm-firmenich PostNL (1x 2024) Flag_of_France.svg Romain Bardet
100%
Team Visma | Lease a Bike (1x 2025) Flag_of_the_United_Kingdom_%281-2%29.svg Simon Yates
100%
Jersey_rainbow.svg UAE Team Emirates (3x + GC 2020, 3x + GC 2021, 3x 2022, 2x 2023, 6x + GC 2024) UAE Team Emirates - XRG (4x + GC 2025) Flag_of_Slovenia.svg Tadej Pogačar
100%
INEOS Grenadiers (2x 2025) Flag_of_the_Netherlands.svg Thymen Arensman
100%
UAE Team Emirates - XRG (1x 2025) Flag_of_Belgium_%28civil%29.svg Tim Wellens
100%
Soudal Quick-Step (1x 2025) Flag_of_France.svg Valentin Paret-Peintre
100%
Team Jumbo-Visma (2x 2020, 3x 2021) Jumbo-Visma (3x 2022) Team Visma | Lease a Bike (1x 2025) Flag_of_Belgium_%28civil%29.svg Wout van Aert
100%
UAE Team Emirates (1x 2020) Flag_of_Norway.svg Alexander Kristoff
94%
INEOS Grenadiers (1x 2023) Flag_of_Spain.svg Carlos Rodríguez
94%
Jumbo-Visma (1x 2022) Flag_of_France.svg Christophe Laporte
94%
Quick-Step Alpha Vinyl Team (1x 2022) Flag_of_the_Netherlands.svg Fabio Jakobsen
94%
Lidl - Trek (2x 2025) Flag_of_Italy.svg Jonathan Milan
94%
Deceuninck - Quick Step (1x 2020, 1x 2021) Flag_of_France.svg Julian Alaphilippe
94%
Deceuninck - Quick Step (4x 2021) Astana Qazaqstan Team (1x 2024) Flag_of_the_United_Kingdom_%281-2%29.svg Mark Cavendish
94%
Team Jumbo-Visma (1x 2020) Flag_of_Slovenia.svg Primož Roglič
94%
EF Education - EasyPost (1x 2024) Flag_of_Ecuador.svg Richard Carapaz
94%
Team Jumbo-Visma (1x 2021) Flag_of_the_United_States_%28DDD-F-416E_specifications%29.svg Sepp Kuss
94%
Alpecin - Fenix (1x 2021) Soudal Quick-Step (2x 2025) Flag_of_Belgium_%28civil%29.svg Tim Merlier
94%
Astana Pro Team (1x 2020) Flag_of_Kazakhstan.svg Alexey Lutsenko
88%
AG2R Citroën Team (1x 2022) Flag_of_Luxembourg.svg Bob Jungels
88%
Cofidis (1x 2023) Flag_of_Spain.svg Ion Izagirre
88%
BORA - hansgrohe (1x 2023) Flag_of_Australia.svg Jai Hindley
88%
BORA - hansgrohe (1x 2023) Flag_of_Belgium_%28civil%29.svg Jordi Meeus
88%
Alpecin - Deceuninck (1x 2025) Flag_of_Australia.svg Kaden Groves
88%
Team BikeExchange - Jayco (1x 2022) Flag_of_Australia.svg Michael Matthews
88%
Deceuninck - Quick Step (2x 2020) Flag_of_Ireland.svg Sam Bennett
88%
Cofidis (1x 2023) Flag_of_France.svg Victor Lafay
88%
Quick-Step Alpha Vinyl Team (1x 2022) Flag_of_Belgium_%28civil%29.svg Yves Lampaert
88%
TotalEnergies (1x 2024) Flag_of_France.svg Anthony Turgis
82%
AG2R Citroën Team (1x 2023) Flag_of_Austria.svg Felix Gall
82%
Uno-X Mobility Cycling (1x 2025) Flag_of_Norway.svg Jonas Abrahamsen
82%
INEOS Grenadiers (1x 2022) Flag_of_the_United_Kingdom_%281-2%29.svg Thomas Pidcock
82%
Lotto Soudal (2x 2020) Flag_of_Australia.svg Caleb Ewan
76%
Soudal Quick-Step (1x 2023) Drapeau_du_Danemark.png Kasper Asgreen
76%
EF Education - EasyPost (1x 2022) Drapeau_du_Danemark.png Magnus Cort Nielsen
76%
Team Sunweb (1x 2020) Flag_of_Switzerland.svg Marc Hirschi
76%
INEOS Grenadiers (1x 2020, 1x 2023) Flag_of_Poland.svg Michał Kwiatkowski
76%
Astana Pro Team (1x 2020) Flag_of_Colombia.svg Miguel Ángel López
76%
Team Bahrain Victorious (1x 2023) Flag_of_Spain.svg Pello Bilbao
76%
Lotto Dstny (1x 2024) Flag_of_Belgium_%28civil%29.svg Victor Campenaerts
76%
Trek - Segafredo (1x 2021) Flag_of_the_Netherlands.svg Bauke Mollema
71%
EF Pro Cycling (1x 2020) Flag_of_Colombia.svg Daniel Felipe Martínez
71%
Israel - Premier Tech (1x 2022) Flag_of_Canada_%28Pantone%29.svg Hugo Houle
71%
Israel - Premier Tech (1x 2023) Flag_of_Canada_%28Pantone%29.svg Michael Woods
71%
BORA - hansgrohe (1x 2021) Flag_of_Germany.svg Nils Politt
71%
Team Sunweb (2x 2020) Drapeau_du_Danemark.png Søren Kragh Andersen
71%
Team Bahrain Victorious (1x 2023) Flag_of_the_Netherlands.svg Wouter Poels
71%
Team BikeExchange - Jayco (1x 2022) Team Jayco AlUla (1x 2024) Flag_of_the_Netherlands.svg Dylan Groenewegen
65%
BORA - hansgrohe (1x 2020) Flag_of_Germany.svg Lennard Kämna
65%
AG2R La Mondiale (1x 2020) Flag_of_France.svg Nans Peters
65%
BORA - hansgrohe (1x 2021) Flag_of_Austria.svg Patrick Konrad
65%
Team Bahrain Victorious (1x 2021) Flag_of_Belgium_%28civil%29.svg Dylan Teuns
59%
Israel - Premier Tech (1x 2022) Flag_of_Australia.svg Simon Clarke
59%
Aucun quiz correspondant
Distribution des résultats
% des personnes avec chaque résultat
Percentile par nombre de réponses
Votre historique - résultats
Vous n’avez pas pris ce quiz depuis la dernière actualisation